000 00785nam a2200253Ia 4500
005 20220317001042.0
008 160825s2004 sp g 000 0 spa
020 _a9509779792
100 1 _aBeckett, Samuel
_d1906-1989
245 1 0 _aEsperando a Godot
_cSamuel Beckett ; traducido por Ana María Moix
250 _a1a. edición
300 _a155 páginas
_c18 cm
490 _aFábula
650 1 4 _2LEMB
_aTeatro irlandés
_ySiglo XX
650 1 4 _2LEMB
_aLiteratura irlandesa
_ySiglo XX
700 1 _aMoix, Ana María
_913071
942 _2loc
_cBKLIT
264 _aBarcelona
_bTusquets
_c2004
336 _atexto
_btxt
_2rdacontent
337 _asin mediación
_bn
_2rdamedia
338 _avolumen
_bnc
_2rdacarrier
040 _aCO-BoRNBP
_bspa
_erda
_cCO-BoRNBP
084 _aT BEC1
999 _c5794
_d5794